Fe y vida, ciclo superior 6º E.B.G.: libro del alumno
Guardat en:
| Autor principal: | |
|---|---|
| Altres autors: | |
| Format: | Llibre |
| Idioma: | espanyol |
| Publicat: |
Madrid
Magisterio
1987
|
| Matèries: | |
| Etiquetes: |
Afegir etiqueta
Sense etiquetes, Sigues el primer a etiquetar aquest registre!
|
MARC
| LEADER | 00000nam a2200000 a 4500 | ||
|---|---|---|---|
| 001 | UCU4818 | ||
| 003 | CL-VaPUC | ||
| 008 | 960524e19870000SP |||||||||||||||||spa|d | ||
| 082 | 0 | 4 | |a 268 |b HER |2 21 |
| 100 | |a Herrán, Pedro de la |e author |9 362501 | ||
| 700 | |a Fernández, Aurelio |e autor |9 362488 | ||
| 245 | 1 | 0 | |a Fe y vida, ciclo superior 6º E.B.G.: libro del alumno |
| 300 | |a 174 p | ||
| 942 | |c BK | ||
| 945 | |d 19960524 00:00:00 |a aalvarez | ||
| 260 | |a Madrid |b Magisterio |c 1987 | ||
| 650 | 0 | |a Religión |9 255164 | |
| 650 | 0 | |a Educación básica |9 224933 | |
| 583 | |a last modification |c 20141230 02:18:40 |k Rodrigo Vera | ||
| 999 | |c 248355 |d 248353 | ||
| 952 | |0 0 |1 2 |4 0 |6 268_000000000000000_HER_1987 |7 0 |8 A |9 264923 |a BIBTEO |b BIBTEO |d 2019-11-19 |i 3195279 |o 268 HER 1987 |p 3195279 |r 2019-11-19 |w 2019-11-19 |x Descarte 2019 |y BK |k ICR | ||
| 952 | |0 0 |1 0 |4 0 |6 268_000000000000000_HER_1987 |7 0 |8 A |9 264925 |a BIBTEO |b BIBTEO |d 2019-11-19 |i 3421848 |o 268 HER 1987 |p 3421848 |r 2025-01-17 |w 2019-11-19 |y BK |k ICR | ||